[Event "Senta-ch"]
[Site "Senta"]
[Date "2016.02.05"]
[Round "7"]
[White "Korosi, Nandor"]
[Black "Kis Bicskei, Vendel"]
[Result "1-0"]
[WhiteElo "1661"]
[BlackElo "1837"]
[PlyCount "71"]
[EventDate "2016.01.22"]
[EventType "swiss"]
[EventRounds "9"]
[EventCountry "SRB"]
[SourceTitle "CBM 170 Extra"]
[Source "ChessBase"]
[SourceDate "2016.02.25"]
[SourceVersion "1"]
[SourceVersionDate "2016.02.25"]
[SourceQuality "1"]

1. d4 d5 2. Nc3 e6 3. Nf3 c5 4. e3 a6 5. b3 Nc6 6. a3 cxd4 7. exd4 Be7 8. Be3 Bf6 9. Qd2 Nge7 10. Bg5 Ng6 11. Bxf6 Qxf6 12. Na4 Qd8 13. Bd3 0-0 14. h4 Qc7 15. g3 Nge7 16. Nc3 f5 17. Ne2 b5 18. Nf4 e5 19. dxe5 Nxe5 20. Nd4 Nxd3+ 21. Qxd3 Qe5+ 22. Kd2 Bb7 23. Rhe1 Qf6 24. Re6 Qf7 25. Rae1 Rfe8 26. R1e5 g6 27. Qe3 Kf8 28. Nh3 Rad8 29. Ng5 Qg7 30. Rb6 Bc8 31. Nde6+ Bxe6 32. Nxe6+ Kf7 33. Nxg7 d4 34. Qe1 d3 35. c3 Nd5 36. Rb7+ 1-0

[Event "Senta-ch"]
[Site "Senta"]
[Date "2016.01.22"]
[Round "1"]
[White "Nagy Abonyi, Arnold"]
[Black "Kis Bicskei, Vendel"]
[Result "0-1"]
[WhiteElo "1342"]
[BlackElo "1837"]
[PlyCount "90"]
[EventDate "2016.01.22"]
[EventType "swiss"]
[EventRounds "9"]
[EventCountry "SRB"]
[SourceTitle "CBM 170 Extra"]
[Source "ChessBase"]
[SourceDate "2016.02.25"]
[SourceVersion "1"]
[SourceVersionDate "2016.02.25"]
[SourceQuality "1"]

1. e4 c5 2. c4 Nc6 3. a3 d6 4. Nc3 e6 5. d3 Be7 6. Nf3 a6 7. Be2 Bf6 8. Bd2 Nge7 9. 0-0 Ng6 10. Re1 0-0 11. Rb1 a5 12. Na4 Bd7 13. Bc3 Nd4 14. Nxd4 cxd4 15. Bd2 Qc7 16. g3 Qc6 17. b3 Qc7 18. Bf3 Ne5 19. Be2 Bxa4 20. bxa4 Rab8 21. Rb5 b6 22. f4 Nd7 23. Bf1 e5 24. f5 Nc5 25. Bc1 Qd7 26. h4 Bd8 27. Bg5 Bxg5 28. hxg5 Qe7 29. g6 Qg5 30. Qc1 Qxg3+ 31. Kh1 fxg6 32. Qd2 gxf5 33. exf5 Rxf5 34. Bg2 Rf2 35. Bd5+ Kf8 36. Qxf2+ Qxf2 37. Rg1 g6 38. Be4 Qe3 39. Rf1+ Ke7 40. Bd5 Ne6 41. Rb3 Nf4 42. Rf3 Qc1+ 43. Kh2 Qc2+ 44. Kg3 Qg2+ 45. Kh4 g5# 0-1